00340nam a22001217a 45000050016000000200025000160370014000411000015000552450045000702600033001152700041001483000029001892011121202022.0 a9788121937276c89.00 bS. Chand  aPipe, Jim  aLook and play big animals /cby Jim Pipe aNew Delhi bS. Chand c2011 a7361, Ram Nagar bNew Delhi e110055 a24p. bill. c24cm(pbk)